| 000 | 00831nam a2200181 a 4500 | ||
|---|---|---|---|
| 001 | 000044874 | ||
| 005 | 20240228142235.0 | ||
| 008 | 150115s2014 dr 000 0 spa d | ||
| 020 | _a9789945472417 | ||
| 040 |
_aDO-SdBNP _bspa _cBNPHU |
||
| 100 | 1 |
_aMatos Moquete, Manuel, _d1944- _96349 |
|
| 245 | 1 | 3 |
_aEl discurso de juramentación presidencial en República Dominicana, 1963-2012 / _cManuel Matos Moquete, Reina Rosario Fernández. |
| 260 |
_aSanto Domingo : _bInstituto Tecnológico de Santo Domingo, _c2014. |
||
| 300 |
_a280 p. ; _c24 cm. |
||
| 500 | _aIncluye datos biográficos de los autores en las solapas | ||
| 505 | 0 |
_aEl contexto retórico pragmatico -- _tel contexto sociohistórico -- _tLa interacción social -- _tLa organización de los discursos -- _tLa argumentación -- |
|
| 700 | 1 |
_aRosario Fernández, Reina _955448 |
|
| 999 |
_c44363 _d44363 |
||